000 01717nam a2200421 a 4500
005 20200104041516.0
008 140224s1996 ve d fr|||| 000 0 spa d
040 _aCO-BoIAVH
_cCO-BoIAVH
041 0 _aspa
044 _ave
082 0 4 _a597.984
_bT14t
111 2 _aTaller de análisis de la viabilidad poblacional y del hábitat PHVA del Caimán del Orinoco Crocodylus intermedium
_cCaracas
_d1996
245 0 0 _aTaller de análisis de la viabilidad poblacional y del hábitat (PHVA) del caimán del Orinoco (Crocodylus intermedium)
_breporte del taller
260 _aCaracas :
_bIUCN :
_bSSC :
_bConservation Breeding Specialist Group ,
_c1996.
300 _a65 páginas :
_bgráficos ;
_c28 x 22 cm.
504 _aIncluye referencias bibliográficas: páginas 60-62.
650 1 6 _aEcología de poblaciones
650 2 6 _aConservación de bosques
650 2 6 _aHistoria natural
650 2 6 _aEspecies amenazadas
650 2 6 _aEspecies en cautiverio
650 2 6 _aEstrategias de conservación
650 1 6 _aCaimanes
_x Proteccion
_z Colombia.
662 _aVenezuela
700 1 _aCañizales, Israel
_eEditor
700 1 _aHernández, Gustavo
_eEditor
700 1 _aCruz Lamas, Mary
_eEditor
700 1 _aLuca, Anna de
_eEditor
700 1 _aMuñoz, María
_eEditor
700 1 _aOchoa, Argenis
_eEditor
700 1 _aSeijas, Andres
_eEditor
700 1 _aThorbjarnarson, John
_eEditor
700 1 _aVelascos, Alvaro
_eEditor
700 1 _aEllis, Susie
_eEditor
700 1 _aSeal, Ulysses S.
_eEditor
700 1 _aArteaga P., Alfredo A.
_eEditor
942 _cLIBRO
_2lcc
999 _c921
_d921